Statistics for Islands with Cities over 1 Million Population

Click here to take the quiz!

General Stats

  • This quiz has been taken 262 times
    (15 since last reset)
  • The average score is 20 of 33

Answer Stats

IslandCity% Correct
Great BritainLondon, Birmingham, Manchester, Leeds, Liverpool, Glasgow, Sheffield, Newcastle upon Tyne, Nottingham, Southampton
100%
IrelandDublin
100%
MadagascarAntananarivo
100%
JavaJakarta, Bandung, Surabaya, Semarang, Yogyakarta, Malang, Surakarta, Karawang, Cirebon, Serang
92%
TaiwanTaipei, Taichung, Kaohsiung, Tainan
92%
HokkaidoSapporo
83%
HonshuTokyo, Osaka, Nagoya, Okayama, Hiroshima, Sendai, Hamamatsu, Shizuoka
83%
NorthAuckland
83%
Sri LankaColombo
83%
CubaHavana
75%
HainanHaikou
75%
KyushuFukuoka, Kitakyushu, Kumamoto
75%
LongNew York
75%
LuzonManila, Angeles
75%
ManhattanNew York
75%
SingaporeSingapore
75%
SulawesiMakassar
75%
BaliDenpasar
67%
BahrainManama
58%
HispaniolaSanto Domingo, Port-au-Prince
58%
MindanaoDavao
58%
SumatraMedan, Palembang, Bandar Lampung, Pekanbaru
58%
MontrealMontreal
50%
OkinawaNaha
50%
ZealandCopenhagen
50%
CebuCebu
42%
Hong KongHong Kong
42%
Puerto RicoSan Juan
33%
BatamBatam
17%
HaizhuGuangzhou
17%
SalsetteMumbai
17%
XiamenXiamen
8%
NantaiFuzhou
0%

Score Distribution

Percentile by Number Answered

Percent of People with Each Score

Your Score History

You have not taken this quiz since the last reset